| 000 | 00906nam a22002297a 4500 | ||
|---|---|---|---|
| 005 | 20130524154218.0 | ||
| 010 | _aB-524220-223 | ||
| 020 | _a9781857436129 (v.1) | ||
| 020 | _a9781857436136 (v.2) | ||
| 020 |
_a9781857436112 (set of 2 vols.) _cPD 940.00 Rs.79176.20 |
||
| 035 | _aB-524220-223 | ||
| 037 |
_adpl _bPrakashan Sansthan/Ven |
||
| 082 | _a050 | ||
| 245 |
_aThe Europa world year book 2012 / _cedited by Paul Kelly |
||
| 250 | _a53rd ed. | ||
| 260 |
_aLondon _bRoutledge _c2012 |
||
| 300 |
_a2v, (xiv, 2570p. ; xiv,2571- 5137p.) _c28 cm. (Hb) |
||
| 500 | _aIt includes index | ||
| 505 | _av.1-- International organizations; Countries : Afghanistan - Jordan. v.2-- Countries : Kazakhstan - Zimbabwe. | ||
| 942 |
_2ddc _cEN _h050 _mEUR |
||
| 999 |
_c76109 _d76109 |
||